000 00341nam a2200145Ia 4500
008 150201s2005 xx 000 0 und d
082 _a617.7
_bM05D
100 _aDUTTA, L.C.
245 _aMODERN OPHTHALMOLOGY-3
250 _a3RD
260 _bJAYPEE BROTHERS
_aDELHI
_c2005
300 _a1-1827
650 _aOPHTHALMOLOGY
942 _2ddc
_cBK
999 _c112
_d112